<?xml version="1.0" encoding="UTF-8"?><?xml-stylesheet type="text/xsl" href="static/style.xsl"?><OAI-PMH xmlns="http://www.openarchives.org/OAI/2.0/" xmlns:xsi="http://www.w3.org/2001/XMLSchema-instance" xsi:schemaLocation="http://www.openarchives.org/OAI/2.0/ http://www.openarchives.org/OAI/2.0/OAI-PMH.xsd"><responseDate>2026-04-14T08:46:04Z</responseDate><request verb="GetRecord" identifier="oai:www.recercat.cat:11351/13913" metadataPrefix="marc">https://recercat.cat/oai/request</request><GetRecord><record><header><identifier>oai:recercat.cat:11351/13913</identifier><datestamp>2025-10-24T10:32:02Z</datestamp><setSpec>com_2072_378070</setSpec><setSpec>com_2072_378040</setSpec><setSpec>col_2072_378092</setSpec></header><metadata><record xmlns="http://www.loc.gov/MARC21/slim" xmlns:dcterms="http://purl.org/dc/terms/" xmlns:xsi="http://www.w3.org/2001/XMLSchema-instance" xmlns:doc="http://www.lyncode.com/xoai" xsi:schemaLocation="http://www.loc.gov/MARC21/slim http://www.loc.gov/standards/marcxml/schema/MARC21slim.xsd">
   <leader>00925njm 22002777a 4500</leader>
   <datafield ind2=" " ind1=" " tag="042">
      <subfield code="a">dc</subfield>
   </datafield>
   <datafield ind2=" " ind1=" " tag="720">
      <subfield code="a">García Morales, Irene</subfield>
      <subfield code="e">author</subfield>
   </datafield>
   <datafield ind2=" " ind1=" " tag="720">
      <subfield code="a">Soto Insuga, Víctor</subfield>
      <subfield code="e">author</subfield>
   </datafield>
   <datafield ind2=" " ind1=" " tag="720">
      <subfield code="a">SERRANO-CASTRO, PEDRO J</subfield>
      <subfield code="e">author</subfield>
   </datafield>
   <datafield ind2=" " ind1=" " tag="720">
      <subfield code="a">Toledo, Manuel</subfield>
      <subfield code="e">author</subfield>
   </datafield>
   <datafield ind2=" " ind1=" " tag="720">
      <subfield code="a">Serratosa, Jose</subfield>
      <subfield code="e">author</subfield>
   </datafield>
   <datafield ind2=" " ind1=" " tag="720">
      <subfield code="a">Carreno Martinez, Maria del Mar</subfield>
      <subfield code="e">author</subfield>
   </datafield>
   <datafield ind2=" " ind1=" " tag="260">
      <subfield code="c">2025-10-22T12:11:33Z</subfield>
   </datafield>
   <datafield ind2=" " ind1=" " tag="260">
      <subfield code="c">2025-10-22T12:11:33Z</subfield>
   </datafield>
   <datafield ind2=" " ind1=" " tag="260">
      <subfield code="c">2025-08</subfield>
   </datafield>
   <datafield ind2=" " ind1=" " tag="520">
      <subfield code="a">Crisis epiléptica; Epilepsia; Tratamiento antiepiléptico</subfield>
   </datafield>
   <datafield ind2=" " ind1=" " tag="520">
      <subfield code="a">Seizure; Epilepsy; Antiseizure medications</subfield>
   </datafield>
   <datafield ind2=" " ind1=" " tag="520">
      <subfield code="a">Crisis epilèptica; Epilèpsia; Tractament antiepilèptic</subfield>
   </datafield>
   <datafield ind2=" " ind1=" " tag="520">
      <subfield code="a">Antecedentes y objetivo&#xd;
La intervención precoz sobre crisis epilépticas prolongadas y en racimo puede evitar graves consecuencias, como daño neuronal irreversible, epileptogénesis de aparición tardía, muerte súbita inesperada y muerte prematura, entre otras. Además, puede prevenir la evolución a status epilepticus, que tiene una tasa de mortalidad del 20%. Sin embargo, el diagnóstico y tratamiento prehospitalario de las crisis suele retrasarse; los pacientes tardan más de 30 minutos en recibir tratamiento desde el inicio de la crisis, aun cuando la mayoría duran menos de 2 minutos. El objetivo de este consenso fue determinar el tiempo en que se deben administrar medicamentos de acción rápida para la finalización precoz de crisis epilépticas (REST, del inglés rapid and early seizure termination) en ámbitos no sanitarios.&#xd;
Materiales y métodos&#xd;
Once epileptólogos revisaron y discutieron la bibliografía científica en reuniones de trabajo presenciales, seguidas de trabajo individual. Se establecieron las recomendaciones para tratar las crisis epilépticas prolongadas y en racimo en el ámbito no sanitario.&#xd;
Resultados&#xd;
Los pacientes con epilepsia se deben considerar tributarios de recibir tratamiento para REST en el ámbito no sanitario si tienen riesgo de sufrir crisis prolongadas o en racimos, así como si tienen síntomas prodrómicos, auras o crisis epilépticas premonitorias de crisis con alteración del nivel de conciencia o convulsivas. También, se debe considerar en aquellas personas que aunque no tengan epilepsia tengan riesgo de sufrir una crisis, como aquellos con antecedentes de crisis febril, lesiones cerebrales agudas con crisis epilépticas o pacientes en retirada de tratamiento anticrisis.&#xd;
La recomendación general es administrar medicamentos para REST a los 2 minutos del inicio de la crisis o cuando las crisis en racimo se presentan con una frecuencia el doble de lo habitual dentro de un margen de 8 horas. Se debe actuar con mayor precocidad en los casos de convulsión tónico-clónica generalizada. Siempre se debe individualizar los tiempos para cada paciente, teniendo en cuenta las características de sus crisis habituales. El neurólogo debe prescribir la medicación con las indicaciones para poder ser administradas en el ámbito familiar del paciente.&#xd;
Conclusiones&#xd;
De forma general, se recomienda la administración de medicamentos para REST por parte de personal no sanitario en crisis epilépticas de más de 2 minutos de duración o ante un incremento del doble de la frecuencia habitual de las mismas, teniendo siempre en cuenta las recomendaciones de su médico.</subfield>
   </datafield>
   <datafield ind2=" " ind1=" " tag="520">
      <subfield code="a">ackground and objective&#xd;
Early intervention on prolonged and cluster seizures can avoid serious consequences such as irreversible neuronal damage, late onset epileptogenesis, sudden unexpected death, and premature death, among others. In addition, it can prevent progression to status epilepticus, which has a mortality rate of 20%. However, prehospital diagnosis and treatment of seizures is often delayed, as patients receive treatment 30 minutes past seizure onset even though most seizures last less than 2 minutes. The aim of this consensus was to determine the time at which rapid and early seizure termination (REST) drugs should be administered in home-settings.&#xd;
Materials and Methods&#xd;
Eleven epileptologists reviewed and discussed the scientific literature in face-to-face work meetings, followed by individual work. Recommendations for the management of prolonged and cluster seizures in the home-setting were established.&#xd;
Results&#xd;
Patients with epilepsy should be considered candidates to receive REST treatment in home-seeting if they are at risk of prolonged seizures or clusters, as well as if they experience prodromal symptoms, auras, or epileptic seizures that alert of a more severe seizure that lead to impaired consciousness or generalize tonic-clonic.&#xd;
Additionally, this treatment should be considered for individuals who, despite not having epilepsy, are at risk of experiencing a seizure, such as those with a history of febrile seizures, acute brain injuries with seizures, or patients undergoing withdrawal from anti-seizure treatment.&#xd;
The general recommendation is to administer REST treatment two minutes after the onset of a seizure or when clustered seizures occur at twice the usual frequency within an eight-hour period. In cases of generalized tonic-clonic seizures, intervention should be even more prompt.&#xd;
Treatment timing should always be individualized for each patient, considering the characteristics of their usual seizures. The neurologist must prescribe the medication with instructions for it to be administered in the patient's home setting.&#xd;
Conclusions&#xd;
In general, the administration of REST medications by non-healthcare personnel should follow these recommendations: medication should be given for epileptic seizures lasting 2 minutes or in cases where the frequency of seizures doubles compared to usual. This is crucial in most cases, while always considering the recommendations of the physician.</subfield>
   </datafield>
   <datafield ind2=" " ind1=" " tag="520">
      <subfield code="a">El presente trabajo ha sido financiado por UCB Pharma S.A.</subfield>
   </datafield>
   <datafield ind1="8" ind2=" " tag="024">
      <subfield code="a">http://hdl.handle.net/11351/13913</subfield>
   </datafield>
   <datafield tag="653" ind2=" " ind1=" ">
      <subfield code="a">Epilèpsia - Tractament</subfield>
   </datafield>
   <datafield tag="653" ind2=" " ind1=" ">
      <subfield code="a">Convulsions - Tractament</subfield>
   </datafield>
   <datafield tag="653" ind2=" " ind1=" ">
      <subfield code="a">Anticonvulsius - Ús terapèutic</subfield>
   </datafield>
   <datafield tag="653" ind2=" " ind1=" ">
      <subfield code="a">DISEASES::Nervous System Diseases::Central Nervous System Diseases::Brain Diseases::Epilepsy</subfield>
   </datafield>
   <datafield tag="653" ind2=" " ind1=" ">
      <subfield code="a">DISEASES::Nervous System Diseases::Neurologic Manifestations::Seizures</subfield>
   </datafield>
   <datafield tag="653" ind2=" " ind1=" ">
      <subfield code="a">Other subheadings::Other subheadings::Other subheadings::/drug therapy</subfield>
   </datafield>
   <datafield tag="653" ind2=" " ind1=" ">
      <subfield code="a">CHEMICALS AND DRUGS::Chemical Actions and Uses::Pharmacologic Actions::Therapeutic Uses::Central Nervous System Agents::Anticonvulsants</subfield>
   </datafield>
   <datafield tag="653" ind2=" " ind1=" ">
      <subfield code="a">Other subheadings::Other subheadings::/therapeutic use</subfield>
   </datafield>
   <datafield tag="653" ind2=" " ind1=" ">
      <subfield code="a">ANALYTICAL, DIAGNOSTIC AND THERAPEUTIC TECHNIQUES, AND EQUIPMENT::Therapeutics::Patient Care::Time-to-Treatment</subfield>
   </datafield>
   <datafield tag="653" ind2=" " ind1=" ">
      <subfield code="a">ENFERMEDADES::enfermedades del sistema nervioso::enfermedades del sistema nervioso central::enfermedades cerebrales::epilepsia</subfield>
   </datafield>
   <datafield tag="653" ind2=" " ind1=" ">
      <subfield code="a">ENFERMEDADES::enfermedades del sistema nervioso::manifestaciones neurológicas::convulsiones</subfield>
   </datafield>
   <datafield tag="653" ind2=" " ind1=" ">
      <subfield code="a">Otros calificadores::Otros calificadores::Otros calificadores::/farmacoterapia</subfield>
   </datafield>
   <datafield tag="653" ind2=" " ind1=" ">
      <subfield code="a">COMPUESTOS QUÍMICOS Y DROGAS::acciones y usos químicos::acciones farmacológicas::usos terapéuticos::fármacos del sistema nervioso central::anticonvulsivantes</subfield>
   </datafield>
   <datafield tag="653" ind2=" " ind1=" ">
      <subfield code="a">Otros calificadores::Otros calificadores::/uso terapéutico</subfield>
   </datafield>
   <datafield tag="653" ind2=" " ind1=" ">
      <subfield code="a">TÉCNICAS Y EQUIPOS ANALÍTICOS, DIAGNÓSTICOS Y TERAPÉUTICOS::terapéutica::asistencia al paciente::tiempo hasta el tratamiento</subfield>
   </datafield>
   <datafield ind2="0" ind1="0" tag="245">
      <subfield code="a">Tratamiento de la crisis epiléptica en el ámbito no sanitario: tiempo de tratar (TT)</subfield>
   </datafield>
   <datafield ind2="0" ind1="0" tag="245">
      <subfield code="a">Treatment administration during a seizure in home-settings: Time to treat (TT)</subfield>
   </datafield>
</record></metadata></record></GetRecord></OAI-PMH>